| 000 | 00894cad a22002055a 4500 | ||
|---|---|---|---|
| 001 | L149942 | ||
| 008 | 100519s2010 xxk f 000 0 eng d | ||
| 035 | _a(Sirsi) u149942 | ||
| 041 | 0 | _aeng | |
| 050 | 0 | 4 | _a690 $1 8 |
| 110 | 2 |
_aPriceWaterhouseCoopers _93793 |
|
| 245 | 0 | 0 |
_aConfronting corruption _bthe business case for an effective anti-corruption programme _h[electronic resource] |
| 260 |
_aLondon _bPricewaterhouseCoopers _c2008 |
||
| 520 | _aGlobal analysis and commentary exploring corruption in the private sector; managing corruption risk proactively; a road map for implementing effective anti-corruption programmes; references to the construction industry. | ||
| 590 | _aKA | ||
| 651 | 4 | _aInternational | |
| 690 | _aLAW-INTERNATIONAL | ||
| 856 | 4 | 8 | _uhttps://www.pwc.com/th/en/publications/confronting-corruption.jhtmlzTo view this report access pwc.com website. |
| 942 | _n0 | ||
| 999 |
_c110682 _d110682 |
||